<?xml version='1.0' encoding='UTF-8'?>
  <record xmlns="http://www.loc.gov/MARC21/slim">
    <leader>00000cam a2200000 i 4500</leader>
    <controlfield tag="001">ocm68620048</controlfield>
    <controlfield tag="003">OCoLC</controlfield>
    <controlfield tag="005">20250708231750.6</controlfield>
    <controlfield tag="008">970429s1484    it            000 0 lat d</controlfield>
    <datafield tag="040" ind1=" " ind2=" ">
      <subfield code="a">NLGGC</subfield>
      <subfield code="b">eng</subfield>
      <subfield code="e">rda</subfield>
      <subfield code="e">dcrmr</subfield>
      <subfield code="c">NLGGC</subfield>
      <subfield code="d">OCLCQ</subfield>
      <subfield code="d">OCLCL</subfield>
      <subfield code="d">QGJ</subfield>
      <subfield code="d">OCLCO</subfield>
      <subfield code="d">QGJ</subfield>
      <subfield code="d">OCLCO</subfield>
      <subfield code="d">QGJ</subfield>
      <subfield code="d">OCLCQ</subfield>
      <subfield code="d">OCLCL</subfield>
    </datafield>
    <datafield tag="029" ind1="0" ind2=" ">
      <subfield code="a">NLGGC</subfield>
      <subfield code="b">15754172X</subfield>
    </datafield>
    <datafield tag="035" ind1=" " ind2=" ">
      <subfield code="a">(OCoLC)68620048</subfield>
    </datafield>
    <datafield tag="082" ind1="0" ind2="4">
      <subfield code="a">340.54</subfield>
      <subfield code="q">OCoLC</subfield>
      <subfield code="2">23/eng/20230216</subfield>
      <subfield code="1">https://id.oclc.org/worldcat/ddc/E3GkfpTtxbBPDFpGPYqcxcGd3p</subfield>
    </datafield>
    <datafield tag="130" ind1="0" ind2=" ">
      <subfield code="a">Infortiatum.</subfield>
    </datafield>
    <datafield tag="245" ind1="1" ind2="0">
      <subfield code="a">Inforciatum</subfield>
    </datafield>
    <datafield tag="246" ind1="1" ind2=" ">
      <subfield code="i">Title according to ISTC:</subfield>
      <subfield code="a">Infortiatum (with the Glossa ordinaria of Accursius)</subfield>
    </datafield>
    <datafield tag="246" ind1="1" ind2=" ">
      <subfield code="i">Title according to IDL:</subfield>
      <subfield code="a">Digestum infortiatum cum glossa</subfield>
    </datafield>
    <datafield tag="246" ind1="1" ind2=" ">
      <subfield code="i">Title according to GW:</subfield>
      <subfield code="a">Corpus iuris civilis.</subfield>
      <subfield code="b">Digesta Iustiniani. Infortiatum</subfield>
    </datafield>
    <datafield tag="264" ind1=" " ind2="1">
      <subfield code="a">Venetijs :</subfield>
      <subfield code="b">Arte &amp; diligentia ioannis &amp; gregorij fratrum furlivien[sium]. &amp; iacobi brita[n]nici Brixiensis,</subfield>
      <subfield code="c">Anno incarnationis d[omi]ni. M.cccc.lxxxiiij. iiij. cale[n]dis mai. [28 Apr. 1484]</subfield>
    </datafield>
    <datafield tag="300" ind1=" " ind2=" ">
      <subfield code="a">[256] leaves ;</subfield>
      <subfield code="c">43 cm (folio)</subfield>
    </datafield>
    <datafield tag="336" ind1=" " ind2=" ">
      <subfield code="a">text</subfield>
      <subfield code="b">txt</subfield>
      <subfield code="2">rdacontent</subfield>
    </datafield>
    <datafield tag="337" ind1=" " ind2=" ">
      <subfield code="a">unmediated</subfield>
      <subfield code="b">n</subfield>
      <subfield code="2">rdamedia</subfield>
    </datafield>
    <datafield tag="338" ind1=" " ind2=" ">
      <subfield code="a">volume</subfield>
      <subfield code="b">nc</subfield>
      <subfield code="2">rdacarrier</subfield>
    </datafield>
    <datafield tag="340" ind1=" " ind2=" ">
      <subfield code="m">folio</subfield>
      <subfield code="2">rdabf</subfield>
    </datafield>
    <datafield tag="340" ind1=" " ind2=" ">
      <subfield code="k">2 columns</subfield>
    </datafield>
    <datafield tag="500" ind1=" " ind2=" ">
      <subfield code="a">First line: Soluto  matrimonio quemadmodu[m] dos petat[ur]</subfield>
    </datafield>
    <datafield tag="500" ind1=" " ind2=" ">
      <subfield code="a">Publication statement from colophon (leaf E7 verso), which reads: Inforciati venetijs Jmpressi: Arte &amp; diligentia ioannis &amp; gregorij fratrum furlivien[sium]. &amp; iacobi brita[n]nici Brixiensis:hic finis e[st]. Anno incarnationis d[omi]ni. M.cccc.lxxxiiij. iiij. cale[n]dis mai.</subfield>
    </datafield>
    <datafield tag="500" ind1=" " ind2=" ">
      <subfield code="a">Text of Infortiatum surrounded by the commentary of  Accursius.</subfield>
    </datafield>
    <datafield tag="500" ind1=" " ind2=" ">
      <subfield code="a">Text printed in two columns.</subfield>
    </datafield>
    <datafield tag="500" ind1=" " ind2=" ">
      <subfield code="a">Captions printed in red.</subfield>
    </datafield>
    <datafield tag="500" ind1=" " ind2=" ">
      <subfield code="a">Capital spaces with guide letters.</subfield>
    </datafield>
    <datafield tag="500" ind1=" " ind2=" ">
      <subfield code="a">Printer's device on final page (leaf E8 recto).</subfield>
    </datafield>
    <datafield tag="500" ind1=" " ind2=" ">
      <subfield code="a">Signatures: a-s⁸ ſ-z⁸ [con]⁸ [rum]⁸ A-E⁸; a1, and E8v are blank; E2-E4 signed E1-E3.</subfield>
    </datafield>
    <datafield tag="510" ind1="4" ind2=" ">
      <subfield code="a">Incunabula Short Title Catalogue,</subfield>
      <subfield code="c">ij00557300</subfield>
      <subfield code="u">https://data.cerl.org/istc/ij00557300</subfield>
    </datafield>
    <datafield tag="510" ind1="4" ind2=" ">
      <subfield code="a">Gesamtkatalog der Wiegendrucke,</subfield>
      <subfield code="c">07683</subfield>
      <subfield code="u">https://www.gesamtkatalogderwiegendrucke.de/docs/GW07683.htm</subfield>
    </datafield>
    <datafield tag="510" ind1="4" ind2=" ">
      <subfield code="a">Incunabula in Dutch Libraries,</subfield>
      <subfield code="c">2764</subfield>
    </datafield>
    <datafield tag="510" ind1="4" ind2=" ">
      <subfield code="a">Bayerische Staatsbibliothek Inkunabelkatalog,</subfield>
      <subfield code="c">C-615</subfield>
      <subfield code="u">https://inkunabeln.digitale-sammlungen.de/Ausgabe_C-615.html</subfield>
    </datafield>
    <datafield tag="630" ind1="0" ind2="0">
      <subfield code="a">Infortiatum.</subfield>
    </datafield>
    <datafield tag="650" ind1=" " ind2="0">
      <subfield code="a">Roman law.</subfield>
    </datafield>
    <datafield tag="650" ind1=" " ind2="6">
      <subfield code="a">Droit romain.</subfield>
    </datafield>
    <datafield tag="650" ind1=" " ind2="7">
      <subfield code="a">Roman law</subfield>
      <subfield code="2">fast</subfield>
    </datafield>
    <datafield tag="655" ind1=" " ind2="2">
      <subfield code="a">Incunabula</subfield>
    </datafield>
    <datafield tag="655" ind1=" " ind2="7">
      <subfield code="a">incunabula (books)</subfield>
      <subfield code="2">aat</subfield>
    </datafield>
    <datafield tag="655" ind1=" " ind2="7">
      <subfield code="a">Incunables.</subfield>
      <subfield code="2">rvmgf</subfield>
    </datafield>
    <datafield tag="700" ind1="1" ind2=" ">
      <subfield code="a">Gregori, Gregorio de',</subfield>
      <subfield code="d">active 1480-1528,</subfield>
      <subfield code="e">printer.</subfield>
      <subfield code="4">prt</subfield>
      <subfield code="1">https://id.oclc.org/worldcat/entity/E39PBJqQyFHPKGmh7HP4H7hPwC</subfield>
    </datafield>
    <datafield tag="700" ind1="1" ind2=" ">
      <subfield code="a">Gregori, Giovanni de',</subfield>
      <subfield code="d">active 15th century,</subfield>
      <subfield code="e">printer.</subfield>
      <subfield code="4">prt</subfield>
      <subfield code="1">https://id.oclc.org/worldcat/entity/E39PCjDTGtFDFMC8HkvkC97M8C</subfield>
    </datafield>
    <datafield tag="700" ind1="1" ind2=" ">
      <subfield code="a">Britannico, Giacomo,</subfield>
      <subfield code="d">-1518 or 1519,</subfield>
      <subfield code="e">printer.</subfield>
      <subfield code="4">prt</subfield>
      <subfield code="1">https://id.oclc.org/worldcat/entity/E39PCjryF9DY3JcJqH7MfMDF83</subfield>
    </datafield>
    <datafield tag="700" ind1="0" ind2=" ">
      <subfield code="a">Justinian</subfield>
      <subfield code="b">I,</subfield>
      <subfield code="c">Emperor of the East,</subfield>
      <subfield code="d">483?-565,</subfield>
      <subfield code="e">patron.</subfield>
      <subfield code="4">pat</subfield>
      <subfield code="1">https://id.oclc.org/worldcat/entity/E39PBJrRdBgkbwcFrCx3Rjrpfq</subfield>
    </datafield>
    <datafield tag="700" ind1="0" ind2=" ">
      <subfield code="a">Accursius,</subfield>
      <subfield code="c">glossator,</subfield>
      <subfield code="d">approximately 1182-approximately 1260,</subfield>
      <subfield code="e">writer of added commentary.</subfield>
      <subfield code="4">wac</subfield>
      <subfield code="1">https://id.oclc.org/worldcat/entity/E39PCjrbprcd77K9f76GrbYCYq</subfield>
    </datafield>
    <datafield tag="700" ind1="0" ind2="2">
      <subfield code="i">Container of (work):</subfield>
      <subfield code="a">Accursius,</subfield>
      <subfield code="c">glossator,</subfield>
      <subfield code="d">approximately 1182-approximately 1260.</subfield>
      <subfield code="t">Glossa ordinaria in Infortiatum.</subfield>
    </datafield>
    <datafield tag="752" ind1=" " ind2=" ">
      <subfield code="a">Italy</subfield>
      <subfield code="d">Venice,</subfield>
      <subfield code="e">publication place.</subfield>
      <subfield code="4">pup</subfield>
    </datafield>
    <datafield tag="758" ind1=" " ind2=" ">
      <subfield code="a">Digestum infortiatum cum glossa (Text)</subfield>
      <subfield code="1">https://id.oclc.org/worldcat/entity/E39PCGFp64WYCmDbPHFVWXVhDy</subfield>
      <subfield code="4">https://id.oclc.org/worldcat/ontology/hasWork</subfield>
    </datafield>
    <datafield tag="936" ind1=" " ind2=" ">
      <subfield code="a">BATCHLOAD</subfield>
    </datafield>
  </record>